Guess That Artist - Statistics

General Stats
  • This quiz has been taken 419 times
  • The average score is 34 of 60
Answer Stats
Discog Artist % Correct
Off The Wall Michael Jackson
96%
Thriller Michael Jackson
96%
Bad Michael Jackson
96%
...Baby One More Time Britney Spears
91%
Oops!... I Did it Again Britney Spears
91%
In The Zone Britney Spears
91%
True Blue Madonna
88%
Like A Prayer Madonna
88%
Erotica Madonna
88%
Red Taylor Swift
78%
1989 Taylor Swift
78%
Reputation Taylor Swift
78%
Frank Amy Winehouse
74%
Back To Black Amy Winehouse
74%
Lioness: Hidden Treasures Amy Winehouse
74%
+ Ed Sheeran
74%
x Ed Sheeran
74%
÷ Ed Sheeran
74%
Don't Shoot Me I'm Only The Piano Player Elton John
74%
Goodbye Yellow Brick Road Elton John
74%
Caribou Elton John
74%
Faith George Michael
74%
Listen Without Prejudice Vol. 1 George Michael
74%
Older George Michael
74%
Hunky Dory David Bowie
73%
The Rise And Fall Of Ziggy Stardust And The Spiders From Mars David Bowie
73%
Alladin Sane David Bowie
73%
Dangerously In Love Beyoncé
69%
B'Day Beyoncé
69%
I Am... Sasha Fierce Beyoncé
69%
I'm Your Baby Tonight Whitney Houston
61%
The Bodyguard Whitney Houston
61%
My Love Is Your Love Whitney Houston
61%
Late Registration Kanye West
55%
Graduation Kanye West
55%
808s & Heartbreak Kanye West
55%
Encore Eminem
44%
Relapse Eminem
44%
Recovery Eminem
44%
Talk That Talk Rihanna
38%
Unapologetic Rihanna
38%
Anti Rihanna
38%
Innervisions Stevie Wonder
37%
Fulfillingness' First Finale Stevie Wonder
37%
Songs In The Key Of Life Stevie Wonder
37%
My World 2.0 Justin Bieber
33%
Believe Justin Bieber
33%
Purpose Justin Bieber
33%
Music Box Mariah Carey
28%
Daydream Mariah Carey
28%
Butterfly Mariah Carey
28%
Post Björk
19%
Homogenic Björk
19%
Vespertine Björk
19%
Blue Joni Mitchell
19%
For The Roses Joni Mitchell
19%
Count And Spark Joni Mitchell
19%
No Fences Garth Brooks
14%
Ropin' The Wind Garth Brooks
14%
The Chase Garth Brooks
14%
No matching quizzes found
Score Distribution
Percent of People with Each Score
Percentile by Number Answered
Your Score History
You have not taken this quiz